Owen Wilson Filmography - Statistics

General Stats
  • This quiz has been taken 359 times
    94 since last reset
  • The average score is 29 of 103
Answer Stats
Type Year Name % Correct
Film 2005 Wedding Crashers
83%
Film 2006 Cars
76%
Video Game 2006 Cars
76%
Film 2017 Cars 3
71%
Film 2006 Night at the Museum
68%
Film 2011 Cars 2
66%
Film 2001 Zoolander
63%
Film 2009 Night at the Museum: Battle of the Smithsonian
59%
Film 2001 The Royal Tenenbaums
59%
Film 2003 Shanghai Knights
56%
Film 2000 Shanghai Noon
56%
Film 2000 Meet the Parents
51%
Film 2011 Midnight in Paris
51%
Film 2016 Zoolander 2
51%
Short Film 1994 Bottle Rocket
49%
Film 1996 Bottle Rocket
49%
Film 2009 Fantastic Mr. Fox
49%
Film 2004 Meet the Fockers
49%
Film 2004 The Life Aquatic with Steve Zissou
49%
Web Series 2021-2023 Loki
46%
Film 2008 Marley & Me
46%
Film 2014 Night at the Museum: Secret of the Tomb
46%
Film 2007 The Darjeeling Limited
46%
Film 2014 The Grand Budapest Hotel
46%
Film 2013 The Internship
46%
TV Show 2016, 2021 Saturday Night Live
44%
Film 2004 Starsky & Hutch
44%
Film 2021 The French Dispatch
44%
Film 2008 Drillbit Taylor
41%
Film 2010 Little Fockers
41%
Film 2017 Wonder
41%
Film 1998 Armageddon
39%
Video Game 2012 Kinect Rush: A Disney–Pixar Adventure
39%
Film 1998 Rushmore
39%
Film 2006 You, Me and Dupree
39%
Film 2001 Behind Enemy Lines
37%
Film 2011 Hall Pass
37%
Film 1997 Anaconda
34%
Film 1996 The Cable Guy
34%
Film 2010 Marmaduke
32%
Film 2022 Marry Me
32%
Film 2002 I Spy
29%
Film 1999 The Haunting
29%
Film 2004 Around the World in 80 Days
27%
Film 2010 How Do You Know
27%
Film 2017 Father Figures
24%
Film 2013 Free Birds
24%
Film 2023 Haunted Mansion
24%
Film 2014 Inherent Vice
24%
Web Series 2025 Stick
24%
Film 2021 Bliss
22%
Film 2017 Lost in London
22%
Film 2015 No Escape
22%
Film 2023 Paint
22%
Film 2011 The Big Year
22%
Film 2023 Ant-Man and the Wasp: Quantumania
20%
TV Show 2010 Community
20%
Film 2026 Focker-In-Law
20%
Film 2016 Masterminds
20%
Film 1998 Permanent Midnight
20%
Film 2022 Secret Headquarters
20%
Film 2014 She's Funny That Way
20%
Film 1999 The Minus Man
20%
Film 1997 As Good as It Gets
17%
Film 1999 Breakfast of Champions
17%
Web Series 2022 Cars on the Road
17%
TV Show 2001 King of the Hill
17%
Film 2004 The Big Bounce
17%
Film 2013 Are You Here
15%
Video Game 2014 Cars: Fast as Lightning
15%
TV Show 2019 Documentary Now!
15%
TV Show 2013 Drunk History
15%
TV Short 1999 Heat Vision and Jack
15%
Video Game 2018 LEGO The Incredibles
15%
Short Film 2006 Mater and the Ghostlight
15%
Film TBA Runner
15%
Film 2014 The Hero of Color City
15%
Documentary 2002 The Sweatbox
15%
Film 2005 The Wendell Baker Story
15%
Music Video 2013 Christmas in L.A.
12%
Film TBA Rolling Loud
12%
Film 2003 Yeah Right!
12%
Film 2026 Charlie the Wonderdog
10%
Music Video 2006 God's Gonna Cut You Down
10%
TV Film 2016 Zoolander: Super Model
10%
TV Show 2014, 2017 Car Toons: Tales from Radiator Springs
7%
Web Mini-Series 2024 LEGO Pixar: BrickToons
7%
Documentary Series 2021, 2023 Marvel Studios: Assembled
7%
Podcast 2024 Tom Slick: Mystery Hunter
7%
Commercial 2025 Wolt
7%
Documentary TBA Jackie Chan: Down to Earth
5%
Commercial 2024 McDonald's
2%
Film 2008 Over Her Dead Body
2%
TV Special 2023 Willie Nelson's 90th Birthday Celebration
2%
TV Show 2011 A Poem Is...
0%
Commercial 2014 Crodino
0%
Documentary 2018 Dolphins
0%
Short Documentary 2016 Ed Ruscha: Buildings and Words
0%
Commercial 2013 Hertz
0%
TV Show 2004 Player$
0%
TV Show 2005 Reel Comedy
0%
Music Video 1998 Start the Commotion
0%
TV Show 2006 The Girls Next Door
0%
No matching quizzes found
Score Distribution
Percent of People with Each Score
Percentile by Number Answered
Your Score History
You have not taken this quiz since the last reset